Регионална библиотека "Любен Каравелов" - Русе

Естетическото възпитание - актуални проблеми (Запис номер 56764)

MARC детайли
000 -Лидер
Контролно поле с фиксирана дължина nam a22 a 4500
003 - Код на организацията, давaща контролен номер
Контролно поле BLK
005 - Дата и час на последна редакция
Контролно поле 20221212164746.0
008 - Елементи от данни с фиксирана дължина
fixed length control field 180408b bul|||||r ||||||| ||bul||
010 ## - Наследен системен номер
LC control number KNG00060750000
040 ## - Източник на каталожния запис
Идентификатор на билиотеката - собственик на записа BLK
041 ## - Код за език
Код за езика на текст/звукозапис или на отделно заглавие Български
Код за езика КДБФ Български
080 ## - УДК
Текстов определител УДК Естетическо възпитание
УДК код - определител по УДК 37.036
УДК - код + определител 37.036
139 ## - Редно поле
Редна дума Естетическото възпитание - актуални проблеми
Авторски знак Ест - Е 92
245 10 - Сведения за заглавието
Заглавие Естетическото възпитание - актуални проблеми
Подзаглавни данни Сб. статии
257 ## - Страна на издаване
Страна на създаване/издаване България
260 ## - Област на издателските данни
Име на издателя, разпространителя и проч. ОФ
Година на издаване 1981
Място на издаване, разпространение и проч. София
300 ## - Физическа характеристика
Страници 528 с.
Размери/Мащаб 20 см
380 ## - Жанр
Жанр Обществени науки
500 ## - Общи забележки
Забележка Съдържа разделите : Общи проблеми на естетическото възпитание ; Худож. култура и естетическо възпитание ; Проблеми на естетическо възпитание в сферата на труда, бита и междуличностните отношения
504 ## - Забележка за наличие на библиография и др
Забележка за наличие на библиография и под. Библиогр. под линия. - Именен показалец. - Рез. на рус., англ., фр., нем. ез.
650 #4 - Допълнително описание по предмет – тема
Основно описание – тема или топоним Естетическо възпитание
9 (RLIN) 284085
653 ## - Ключова дума – ненормативна
Ключова дума естетическо възпитание
852 ## - Местоположение
Форматна сигнатура Цб 109396
Фондова буква Хранилище
999 ## - СИСТЕМНИ КОНТРОЛНИ НОМЕРА
Koha biblionumber 56764
Koha biblioitemnumber 56764
942 ## - АРТИКУЛИ
Вид на библиотечния материал Книги
Скрит в OPAC Не
Периодичен библиозапис Да
944 ## - СЪЗДАВАНЕ И РЕДАКЦИЯ на ЗАПИСА
Създаване/Редакция Създаване
Дата на регистрацията/редакция 13.06.2004
Служител, извършил регистрацията/редакцията Геновева_Генчева
944 ## - СЪЗДАВАНЕ И РЕДАКЦИЯ на ЗАПИСА
Създаване/Редакция Редакция
Дата на регистрацията/редакция 2022-12-12
Наличности
Код за отписване Код за изгубен артикул Източник на класификационната схема Код за повреда Коз за рестрикции Код за отдаване Артикулен № Име на библиотеката - собственик Име на библиотеката, в която се намира в момента Статус (Текущо местоположение) Дата на вписване в системата Местоположение - отдел Цена в лева Инвентарен номер Систематично азбучна сигнатура Баркод Номер на екземпляра Цена в евро Служебна бележка Служебен тип на артикула
Изтеглен Не е изгубен Universal Decimal Classification Не е повреден без рестрикции ползва се в читалня 90693 Регионална библиотека "Любен Каравелов" Русе Регионална библиотека "Любен Каравелов" Русе Читалня 1993-01-01 Читалня 3.84 344631 Ч 37/Е 92 344631 1 1.96 Дата инв: 14.03.2017 Бележки инв: Ч2017 Книги
Изтеглен Не е изгубен Universal Decimal Classification Не е повреден без рестрикции заемане за дома 90694 Регионална библиотека "Любен Каравелов" Русе Регионална библиотека "Любен Каравелов" Русе Заемна - подръчен фонд 1981-01-01 Заемна - подръчен фонд 3.84 344628 П 37.036/Е 92 344628 2 1.96 Дост: Pk Вид: Ф N: стар фонд Дата: 01.01.1981; Акт 46/19 Книги
  Не е изгубен Universal Decimal Classification Не е повреден само за читалня ползва се в читалня 90695 Регионална библиотека "Любен Каравелов" Русе Регионална библиотека "Любен Каравелов" Русе Хранилище 1981-01-01 Хранилище 3.84 330463 Цб 109396 120000330463 3 1.96 Дост: Dp Вид: Д N: стар фонд Дата: 01.01.1981 Книги
Vip Innovations Ltd, Rousse, Bulgaria 2025